<?xml version="1.0" encoding="UTF-8"?>
<collection xmlns:xsi="http://www.w3.org/2001/XMLSchema-instance" xsi:schemaLocation="http://www.loc.gov/MARC21/slim http://www.loc.gov/standards/marcxml/schema/MARC21slim.xsd" xmlns="http://www.loc.gov/MARC21/slim">
 <record>
  <leader>00000cab a22000004cb4500</leader>
  <controlfield tag="001">IPP-00000659098</controlfield>
  <controlfield tag="003">IPP</controlfield>
  <controlfield tag="005">20240423112856.0</controlfield>
  <controlfield tag="008">240423s2022    xx     d | ||r |||||eng||</controlfield>
  <datafield tag="041" ind1="#" ind2="#">
   <subfield code="a">eng</subfield>
  </datafield>
  <datafield tag="100" ind1="1" ind2="#">
   <subfield code="a">Parcon, Ian Clark R.</subfield>
  </datafield>
  <datafield tag="245" ind1="1" ind2="0">
   <subfield code="a">The Paradox of Deliberation</subfield>
   <subfield code="b">Jürgen Habermas and the Rational Approach to the Normative Theory of Democracy</subfield>
   <subfield code="c">The Paradox of Deliberation</subfield>
  </datafield>
  <datafield tag="264" ind1="#" ind2="1">
   <subfield code="c">2022</subfield>
  </datafield>
  <datafield tag="520" ind1="#" ind2="#">
   <subfield code="a">Jürgen Habermas anchors his theory of democracy on communicative rationality, which he translates into procedural rationality geared towards the attainment of consensus. In this study, I present his theory of democracy and discuss its limitations. I then argue that for a more comprehensive theory of democracy, the insights from other theories, specifically, the agonistic perspective of Chantal Mouffe, should be seriously taken into account.</subfield>
  </datafield>
  <datafield tag="650" ind1="1" ind2="0">
   <subfield code="a">Habermas, Jurgen</subfield>
  </datafield>
  <datafield tag="650" ind1="2" ind2="0">
   <subfield code="a">Democracy</subfield>
  </datafield>
  <datafield tag="650" ind1="2" ind2="0">
   <subfield code="a">Discourse analysis</subfield>
  </datafield>
  <datafield tag="773" ind1="0" ind2="#">
   <subfield code="t">Budhi: a Journal of Ideas and Culture</subfield>
   <subfield code="g">Vol. 26, no. 2 (2022), 1-32</subfield>
  </datafield>
  <datafield tag="942" ind1="#" ind2="#">
   <subfield code="a">Article</subfield>
  </datafield>
  <datafield tag="950" ind1="#" ind2="#">
   <subfield code="a">FI</subfield>
  </datafield>
 </record>
</collection>
